000 00567nam a22001457a 4500
999 _c530434
_d530434
008 250613b ||||| |||| 00| 0 eng d
100 _aMahapatra, Richard
_954376
245 _aDepopulation v degrowth
260 _aDown to Earth
300 _a33(24),may 1-15, 25: p.58
520 _aMany say population decline would harm the economy. Others suggest it would lower emission and increase per capita income - Reproduced
650 _apopulation, population management, biological diversity, depopulation, degrowth
_954377
773 _0Down to Earth
942 _cAR